Name All Countries Containing The Letter K - Statistics

General Stats
  • This quiz has been taken 191 times
  • The average score is 15 of 20
Answer Stats
Hint Answer % Correct
1 United Kingdom
92%
18 Kyrgyzstan
91%
13 Kazakhst
88%
16 Kenya
85%
6 Turkmenistan
85%
4 Kiribati
84%
10 Kosovo
82%
7 Kuwait
82%
11 Uzbekistan
79%
14 Pakistan
78%
15 Tajikistan
76%
12 Turkey
76%
17 Ukraine
75%
2 North Korea
74%
3 South Korea
74%
20 Saint Kitts and Nevis
69%
8 Slovakia
66%
19 Denmark
62%
9 Burkina Faso
56%
5 Sri Lanka
49%
No matching quizzes found
Score Distribution
Percent of People with Each Score
Percentile by Number Answered
Your Score History
You have not taken this quiz